Tạp chí khoa học Đại học Đồng Tháp Chuyên san khoa học Tự nhiên Dong Thap university journal of science : Natural sciences Issue Tập 14 - Số 2
Số này gồm các bài viết: Ủ phân bùn thải từ hệ thống xử lý nước thải của nhà máy chế biến thủy sản với các vật liệu phối trộn khác nhau ; Chế tạo vật liệu bentonite biến tính bằng citric acid để xử lý methylene blue trong nước ; Phé...
Wedi'i Gadw mewn:
| Fformat: | Llyfr |
|---|---|
| Iaith: | Vietnamese |
| Cyhoeddwyd: |
Đồng Tháp
Trường Đại học Đồng Tháp
2025
|
| Pynciau: | |
| Tagiau: |
Ychwanegu Tag
Dim Tagiau, Byddwch y cyntaf i dagio'r cofnod hwn!
|
| Thư viện lưu trữ: | Thư viện Trường Đại học Nam Cần Thơ |
|---|
| LEADER | 01534nam a22002177a 4500 | ||
|---|---|---|---|
| 001 | NCT_4_022067 | ||
| 008 | 250531b xxu||||| |||| 00| 0 vie d | ||
| 999 | |c 9074 |d 9074 | ||
| 022 | |a 08667675 | ||
| 041 | 0 | |a vie | |
| 082 | 0 | 4 | |2 23rd ed. |a 378 |b T109C |
| 245 | 0 | 0 | |a Tạp chí khoa học Đại học Đồng Tháp Chuyên san khoa học Tự nhiên |b Dong Thap university journal of science : Natural sciences Issue |n Tập 14 - Số 2 |c Trường Đại học Đồng Tháp |
| 260 | |a Đồng Tháp |b Trường Đại học Đồng Tháp |c 2025 | ||
| 300 | |a 120 tr. |c 27 cm | ||
| 310 | |a 2 tháng 1 kỳ | ||
| 362 | |a 2025 | ||
| 520 | 3 | |a Số này gồm các bài viết: Ủ phân bùn thải từ hệ thống xử lý nước thải của nhà máy chế biến thủy sản với các vật liệu phối trộn khác nhau ; Chế tạo vật liệu bentonite biến tính bằng citric acid để xử lý methylene blue trong nước ; Phép chia suy rộng các khoảng trong phép toán đại số và ứng dụng ; Đánh giá hiệu quả quy trình nuôi cá trê vàng (Clarias macrocephalus) trong hệ thống tuần hoàn kết hợp xử lý chất thải... | |
| 655 | |a Tạp chí | ||
| 942 | |2 ddc |c CR | ||
| 952 | |0 0 |1 0 |2 ddc |4 0 |6 378_000000000000000_T109C |7 0 |9 30891 |a 000001 |b 000001 |d 2025-05-31 |o 378 T109C |r 2025-05-31 |w 2025-05-31 |y CR | ||
| 980 | |a Thư viện Trường Đại học Nam Cần Thơ | ||